Największe skocznie narciarskie - Statystyki

Ogólne statystyki
  • Ten quiz został rozwiązany 38 razy
  • Średni wynik to 5 z 9
Statystyki odpowiedzi
Odpowiedź % Poprawnych
K200 Planica/Ratece
100%
K200 Vikersund
88%
K130 Willingen
74%
K185 Harrachov
71%
K200 Tauplitz/Bad Mittendorf
71%
K200 Oberstdorf
68%
K160 Ironwood
44%
K250 Akureyri
24%
K132 Krasnoyarsk
9%
Nie znaleziono quizów pasujących do podanych kryteriów
Rozkład punktacji
Procent ludzi z każdym wynikiem
Percentyl według liczby udzielonych odpowiedzi
Twoja historia wyników
Nie rozwiązałeś tego quizu